Loi no 2004-28 du 31 décembre 2004 : portant loi de finances pour la gestion 2005.

Saved in:
Bibliographic Details
Corporate Author: Benin.
Format: Book
Language:French
Published: [Cotonou] : République du Benin, Présidence de la Republique, [2005?]
Subjects:
Tags: Add Tag
No Tags, Be the first to tag this record!
LEADER 00717cam a2200217Ia 4500
001 009799343-3
005 20100406101423.0
008 080826s2005 dm f000 0 fre d
043 |a f-dm--- 
090 |a KQJ353.2.A312004  |b .A4 2004 
110 1 |a Benin. 
245 1 0 |a Loi no 2004-28 du 31 décembre 2004 :  |b portant loi de finances pour la gestion 2005. 
260 |a [Cotonou] :  |b République du Benin, Présidence de la Republique,  |c [2005?] 
300 |a 30 p., [11] l. ;  |c 28 cm. 
500 |a Cover title. 
650 0 |a Finance, Public  |x Law and legislation  |z Benin. 
650 0 |a Budget  |x Law and legislation  |z Benin. 
651 0 |a Benin  |x Appropriations and expenditures. 
988 |a 20051109 
049 |a HLSS 
906 |0 MH